MARC details
| 000 -CABECERA |
| campo de control de longitud fija |
00752nam a2200229 a 4500 |
| 005 - FECHA Y HORA DE LA ÚLTIMA TRANSACCIÓN |
| campo de control |
20240919064245.0 |
| 008 - ELEMENTOS DE LONGITUD FIJA--INFORMACIÓN GENERAL |
| campo de control de longitud fija |
991125s1977 new 000 0 eng u |
| 020 ## - NÚMERO INTERNACIONAL NORMALIZADO PARA LIBROS |
| Número Internacional Estándar del Libro |
0122035607 |
| 035 ## - NÚMERO DE CONTROL DEL SISTEMA |
| Número de control de sistema |
UPN01000014943 |
| 049 ## - COLECCIÓN |
| Colección |
CG |
| 050 #4 - SIGNATURA TOPOGRÁFICA DE LA BIBLIOTECA DEL CONGRESO |
| Número de clasificación |
BF712 |
| Número de documento/Ítem |
L55 |
| 111 2# - ASIENTO PRINCIPAL--NOMBRE DE REUNION |
| Nombre de congreso/reunión o jurisdicción como elemento de entrada |
Life-Span Development Psychology Conference |
| Número del congreso/reunión o número de parte o sección |
(5° : |
| Fecha del congreso/reunión |
1976 : |
| Sede del congreso/Lugar de la reunión |
Virginia, E.U.A.) |
| 245 10 - MENCIÓN DE TÍTULO |
| Título |
Dialectical perspectives on experimental research / |
| Mención de responsabilidad, etc. |
Nancy Datan and Hayne W. Reese. |
| 260 ## - PUBLICACIÓN, DISTRIBUCIÓN, ETC. |
| Lugar de publicación, distribución, etc. |
New York : |
| Nombre del editor, distribuidor, etc. |
Academic, |
| Fecha de publicación, distribución, etc. |
1977. |
| 300 ## - DESCRIPCIÓN FÍSICA |
| Extensión |
367 p. |
| 650 #7 - ASIENTO SECUNDARIO DE MATERIA - TERMINO TEMATICO |
| Término de materia o nombre geográfico como elemento de entrada |
Dialéctica |
| Fuente del encabezamiento o término |
|
| 9 (RLIN) |
15182 |
| 650 #2 - ASIENTO SECUNDARIO DE MATERIA - TERMINO TEMATICO |
| Término de materia o nombre geográfico como elemento de entrada |
Investigacion psicológica |
| 9 (RLIN) |
15795 |
| 650 #4 - ASIENTO SECUNDARIO DE MATERIA - TERMINO TEMATICO |
| Término de materia o nombre geográfico como elemento de entrada |
PSICOLOGIA EXPERIMENTAL - |
| Subdivisión de forma |
CONGRESOS |
| 700 1# - ASIENTO SECUNDARIO--NOMBRE DE PERSONAL |
| Nombre de persona |
Datan, Nancy, |
| Término indicativo de función/relación |
ed. |
| 700 1# - ASIENTO SECUNDARIO--NOMBRE DE PERSONAL |
| Nombre de persona |
Reese, Hayne Waring, |
| Fechas asociadas al nombre |
1931-, |
| Término indicativo de función/relación |
ed. |
| 905 ## - TIPO DE MATERIAL |
| Tipo de material |
Libro |